De l'être

Saved in:
Bibliografiske detaljer
Hovedforfatter: Lavelle, Louis (Author)
Format: Bog
Sprog:fransk
Udgivet: París Aubier 1947
Serier:Philosophie de l'Esprit. La dialectique de l'éternel prèsent, 1
Fag:
Tags: Tilføj Tag
Ingen Tags, Vær først til at tagge denne postø!

MARC

LEADER 00000nam a2200000 a 4500
001 UCZ5290
003 CL-VaPUC
008 951117e19470000FR |||||||||||||||||fre|d
082 0 4 |a 110  |b LAV  |2 21 
100 |a Lavelle, Louis  |e author  |9 354286 
245 1 0 |a De l'être 
300 |a 307 p 
942 |c BK 
945 |d 19951117 00:00:00  |a lriquelm 
260 |a París  |b Aubier  |c 1947 
650 7 |a SER  |2 CL-VaPUC  |9 320176 
650 0 |a Metafísica  |9 265649 
650 0 |a Ontología   |9 256850 
650 0 |a Inteligencia  |9 267038 
650 0 |a Filosofía del espíritu  |9 320175 
650 0 |a Naturaleza humana   |9 308593 
583 |a last modification  |c 19951117 00:00:00  |k Rodrigo Vera 
490 0 |a Philosophie de l'Esprit. La dialectique de l'éternel prèsent, 1 
999 |c 241609  |d 241607 
952 |0 0  |1 0  |4 0  |6 110_000000000000000_LAV_1947  |7 0  |8 P  |9 253986  |a BIBEDU  |b BIBEDU  |c BIBEDU_PB  |d 2019-11-19  |i 1573586  |o 110 LAV 1947  |p 1573586  |r 2024-01-25  |w 2019-11-19  |y BK  |k FIL